[Event "Let's Play Chess!"]
[Site "http://www.queenalice.com/game.php?id=1454066"]
[Date "2016.12.9"]
[Round "-"]
[White "Adehle"]
[Black "manuelito"]
[Result "0-1"]
[WhiteElo "1100"]
[BlackElo "1516"]

1. f4 d5 2. e3 Nf6 3. Nf3 Nc6 4. Be2 Bf5 5. O-O Nb4 6. c3 Nc2 7. Nd4 Nxa1 8.
Nxf5 e6 9. Nd4 Bd6 10. Na3 Bxa3 11. bxa3 Qd6 12. Bb2 O-O-O 13. Bxa1 Qxa3 14. Qc2
h5 15. Nb5 Qe7 16. Rb1 a6 17. Na7+ Kb8 0-1

[Event "Let's Play Chess!"]
[Site "http://www.queenalice.com/game.php?id=1454076"]
[Date "2016.12.9"]
[Round "-"]
[White "Adehle"]
[Black "LouisLeRouge"]
[Result "0-1"]
[WhiteElo "1100"]
[BlackElo "1500"]

1. d4 Nf6 2. Nc3 e6 3. e4 Bb4 4. Bd2 Bxc3 5. Bxc3 d5 6. e5 Ne4 7. Ne2 O-O 8. Nf4
Nxc3 9. bxc3 f6 10. Qg4 fxe5 11. Nxe6 Qf6 12. dxe5 Qxe5+ 13. Be2 Qxc3+ 14. Kd1
Qxa1+ 15. Kd2 Qe5 16. Qxg7+ Qxg7 17. Nxg7 Kxg7 18. Rf1 Nc6 19. Kc3 Be6 20. f3
d4+ 21. Kb2 Rae8 22. Rd1 Bxa2 23. Bb5 Bd5 24. Rxd4 Nxd4 25. Bxe8 Rxe8 26. Ka1
Re2 27. c4 Nb3+ 28. Kb1 Bxc4 29. f4 Bd3# 0-1

[Event "Let's Play Chess!"]
[Site "http://www.queenalice.com/game.php?id=1454081"]
[Date "2016.12.9"]
[Round "-"]
[White "Zizek"]
[Black "Adehle"]
[Result "1-0"]
[WhiteElo "960"]
[BlackElo "986"]

1. d4 d5 2. c4 dxc4 3. e4 c5 4. d5 Nf6 5. Nc3 Qa5 6. Qc2 e6 7. Bxc4 exd5 8. exd5
Nxd5 9. Bxd5 Qb4 10. Qe2+ Be7 11. Bg5 c4 12. Bxf7+ Kxf7 13. a3 Qc5 14. Ne4 Qe5
15. Nf3 Qa5+ 16. Bd2 c3 17. Bxc3 Qh5 18. Ne5+ Qxe5 19. Bxe5 Nc6 20. Bc7 Re8 21.
O-O 1-0

[Event "Let's Play Chess!"]
[Site "http://www.queenalice.com/game.php?id=1454083"]
[Date "2016.12.9"]
[Round "-"]
[White "igorjava"]
[Black "Adehle"]
[Result "1-0"]
[WhiteElo "1981"]
[BlackElo "935"]

1. e4 e5 2. f4 exf4 3. Nf3 Nc6 4. d4 d6 5. Bxf4 Qe7 6. Nc3 Bd7 7. a3 O-O-O 8.
Be2 g6 9. O-O Bg7 10. Bb5 Ne5 11. Bxe5 dxe5 12. Bxd7+ Rxd7 13. d5 Nh6 14. b4
Rhd8 15. Qe2 a5 16. bxa5 Qc5+ 17. Kh1 Ng4 18. Nd1 1-0

[Event "OS INCLIVEIS"]
[Site "http://www.queenalice.com/game.php?id=1454088"]
[Date "2016.12.9"]
[Round "-"]
[White "adelio"]
[Black "Adehle"]
[Result "1-0"]
[WhiteElo "1690"]
[BlackElo "1100"]

1. d4 d5 2. e4 e6 3. e5 Nc6 4. Nf3 Be7 5. g3 Nh6 6. Bxh6 gxh6 7. Be2 f6 8. Nbd2
O-O 9. Nh4 Nxd4 10. Bh5 f5 11. Ng6 hxg6 12. Bxg6 Nc6 13. Nf3 Kg7 14. Bh5 Na5 15.
g4 f4 16. Qd3 Bb4+ 17. c3 Qg5 18. Nxg5 Kg8 19. Qg6+ Kh8 20. Qh7# 1-0

[Event "OS INCLIVEIS"]
[Site "http://www.queenalice.com/game.php?id=1454089"]
[Date "2016.12.9"]
[Round "-"]
[White "Adehle"]
[Black "adelio"]
[Result "0-1"]
[WhiteElo "1100"]
[BlackElo "1672"]

1. f4 h5 2. d4 e6 3. Be3 d5 4. c3 h4 5. h3 Nf6 6. Nf3 Ne4 7. Bf2 Nxf2 8. Kxf2 c5
9. e3 Nc6 10. Ne5 Nxe5 11. dxe5 Be7 12. Na3 a6 13. b4 c4 14. Nxc4 dxc4 15. Bxc4
b5 16. Qxd8+ Bxd8 17. Bb3 Bb6 18. a4 Bb7 19. a5 Bxg2 20. axb6 Bxh1 21. Rxh1 O-O
22. Kf3 Rac8 23. Ra1 Rxc3 24. Rxa6 Rxb3 25. b7 Rd3 26. Ra8 Rdd8 27. b8=Q Rxb8
28. Rxb8 Rxb8 29. Ke4 f5+ 30. exf6 gxf6 31. Kf3 f5 32. e4 Rc8 33. Ke3 Rc4 34. e5
Rxb4 0-1

[Event "Challenge"]
[Site "http://www.queenalice.com/game.php?id=1454418"]
[Date "2016.12.12"]
[Round "-"]
[White "SannyMcPoepst"]
[Black "Adehle"]
[Result "1-0"]
[WhiteElo "1500"]
[BlackElo "1100"]

1. e4 e5 2. Nf3 Nc6 3. d4 exd4 4. Nxd4 Qh4 5. Nc3 Nf6 6. Be3 Bb4 7. g3 Bxc3+ 8.
bxc3 Qxe4 9. Rg1 O-O 10. Bg2 Qe7 11. Qd3 Nb4 12. cxb4 Qxb4+ 13. Bd2 Re8+ 14. Ne2
1-0